| 000 | 00746nam a2200217Ii 4500 | ||
|---|---|---|---|
| 003 | JO-AjNU | ||
| 008 | 230605s9999||||xx |||||||||||||| ||und|| | ||
| 017 | _a2004/3/415 | ||
| 040 |
_aJO-AjNU _bara _erda _cJO-AjNU |
||
| 041 | _aara | ||
| 050 | 1 | 4 | _aZ665.D326 2004 |
| 100 | 3 |
_aالدبيس ، ماجد مصطفى شامان ؛ مراجعة: هاني العمد, _eauthor _922610 |
|
| 245 | 0 | 0 | _aعلم المكتبات وما يحتاجه امين المكتبة |
| 250 | _aط1 | ||
| 264 | 3 | 1 | _aاربد : دار الفرقان ،2004 |
| 300 | _a300ص | ||
| 336 |
_atext _btxt _2rdacontent |
||
| 337 |
_aunmediated _bn _2rdamedia |
||
| 338 |
_avolume _bnc _2rdacarrier |
||
| 650 | 4 |
_aعلم المكتبات- علم المعلومات _922611 |
|
| 999 |
_aA8053 _c11621 _d11621 |
||